Role playing game features effct on longevity in android system : machine learning approach /
Saved in:
| Main Author: | |
|---|---|
| Format: | Book |
| Language: | English |
| Published: |
2022.
|
| Tags: |
Add Tag
No Tags, Be the first to tag this record!
|
| LEADER | 00596nam a2200181 4500 | ||
|---|---|---|---|
| 001 | u1164155 | ||
| 003 | SIRSI | ||
| 005 | 202308211531 | ||
| 008 | 230821n2022 my m 000 0 eng u | ||
| 040 | |a UMM |e rda | ||
| 100 | 1 | |a Adhiatmoko, Khairisan Noor. | |
| 245 | 1 | 0 | |a Role playing game features effct on longevity in android system : |b machine learning approach / |c Khairisan Noor Adhiatmoko. |
| 264 | 1 | |c 2022. | |
| 336 | |a text$2rdacontent | ||
| 337 | |a unmediated$2rdamedia | ||
| 338 | |a volume$2rdacarrier | ||
| 596 | |a 1 | ||
| 999 | |a XX(1164155.1) |w LC |c 1 |i 1164155-1001 |l INPROCESS |m P01UTAMA |r Y |s Y |t TESIS |u 21/8/2023 | ||
